000 00363nam a2200133Ia 4500
008 100328s9999 xx 000 0 und d
082 _b17995
100 _aकालिदास
245 _aमेघदूत
260 _bहिन्दी पॉकेट बुक्स
630 _aमेघदूत
730 _aमेघदूत
942 _cBOOK
999 _c512466
_d512463